| 000 | 00448nam a22001577a 4500 | ||
|---|---|---|---|
| 082 |
_a621.3 _bALI |
||
| 100 |
_aAli, Akhtar (364369) _9119996 |
||
| 245 | _aDesign of a Fault-Tolerant Multilevel Inverter / | ||
| 264 |
_aIslamabad : _bUSPCAS-E, NUST _cOctober, 2023. |
||
| 300 |
_axvi, 71 p. _e+CD |
||
| 520 | _aTH-554 | ||
| 650 | _aMS EEP Thesis | ||
| 650 |
_aMS Thesis _918721 |
||
| 700 |
_aDr. Hassan Abdullah Khalid _928912 |
||
| 942 |
_2ddc _cTHE |
||
| 999 |
_c607464 _d607464 |
||